Educational psychology : Classroom update, preparing for PRAXIS and practice

Enregistré dans:
Détails bibliographiques
Auteur principal: Santrock, John W.
Format: Livre
Langue:Undetermined
Publié: Boston McGraw-Hill 2006
Sujets:
Tags: Ajouter un tag
Pas de tags, Soyez le premier à ajouter un tag!
Thư viện lưu trữ: Trung tâm Học liệu Trường Đại học Cần Thơ
LEADER 00587nam a2200193Ia 4500
001 CTU_212879
008 210402s9999 xx 000 0 und d
082 |a 370.15 
082 |b S237 
100 |a Santrock, John W. 
245 0 |a Educational psychology : 
245 0 |b Classroom update, preparing for PRAXIS and practice 
245 0 |c Santrock, John W. 
260 |a Boston 
260 |b McGraw-Hill 
260 |c 2006 
650 |a Educational psychology,Learning, Psychology of,Motivation in education 
904 |i Giang 
980 |a Trung tâm Học liệu Trường Đại học Cần Thơ